[Event "GER-chT Betriebe 18th"]
[Site "Altenberg Zinnwald"]
[Date "2018.11.09"]
[Round "3.3"]
[White "Marten, Gero"]
[Black "Kaliski, Achim"]
[Result "1/2-1/2"]
[WhiteElo "2008"]
[BlackElo "1993"]
[PlyCount "95"]
[EventDate "2018.11.08"]
[EventType "team-swiss"]
[EventRounds "7"]
[EventCountry "GER"]
[SourceTitle "EXT 2020"]
[Source "ChessBase"]
[SourceDate "2019.10.17"]
[SourceVersion "1"]
[SourceVersionDate "2019.10.17"]
[SourceQuality "1"]
[WhiteTeam "Stuttgart Sparkassen-Vers"]
[BlackTeam "Hamburg Baubehoerde"]
[WhiteTeamCountry "GER"]
[BlackTeamCountry "GER"]

1. Nf3 f5 2. d3 Nf6 3. e4 fxe4 4. dxe4 e5 5. Nc3 d6 6. Bc4 Bg4 7. Bg5 Nbd7 8. h3 Bh5 9. g4 Bg6 10. Nh4 c6 11. Nf5 b5 12. Bb3 Nc5 13. Qe2 Qa5 14. f3 Nxb3 15. cxb3 0-0-0 16. 0-0-0 Bf7 17. Qc2 Rd7 18. Rd2 Ne8 19. Rhd1 g6 20. Ne3 Kb7 21. Kb1 Qb6 22. Ng2 a5 23. Be3 Qc7 24. f4 Bg7 25. f5 gxf5 26. gxf5 Bf6 27. Ne1 Rg8 28. Nd3 Rd8 29. Rg1 Rxg1+ 30. Bxg1 Ng7 31. Rg2 Nh5 32. Qf2 Ra8 33. Qe3 d5 34. Nc5+ Kc8 35. Qh6 d4 36. Qf8+ Bd8 37. Ne2 Qe7 38. Qxe7 Bxe7 39. Nd3 Bf6 40. Bh2 Kb7 41. Bxe5 Rg8 42. Rxg8 Bxg8 43. Bxf6 Nxf6 44. e5 Nd5 45. Nxd4 Kc7 46. Nc5 Nf4 47. Nde6+ Nxe6 48. Nxe6+ 1/2-1/2

[Event "GER-chT Betriebe 17th"]
[Site "Berlin"]
[Date "2017.11.02"]
[Round "2.4"]
[White "Kaliski, Achim"]
[Black "Eisermann, Daniel"]
[Result "0-1"]
[WhiteElo "1947"]
[BlackElo "1937"]
[PlyCount "122"]
[EventDate "2017.11.02"]
[EventType "team-swiss"]
[EventRounds "7"]
[EventCountry "GER"]
[SourceTitle "EXT 2020"]
[Source "ChessBase"]
[SourceDate "2019.10.17"]
[SourceVersion "1"]
[SourceVersionDate "2019.10.17"]
[SourceQuality "1"]
[WhiteTeam "Hamburg Baubehoerde"]
[BlackTeam "Berlin Osram"]
[WhiteTeamCountry "GER"]
[BlackTeamCountry "GER"]

1. e4 e5 2. Nc3 Nf6 3. d4 exd4 4. Qxd4 Nc6 5. Qa4 Bc5 6. Be2 h6 7. Nf3 d6 8. e5 Ng4 9. 0-0 Ngxe5 10. Nxe5 dxe5 11. Rd1 Bd6 12. Be3 0-0 13. Bc5 Nd4 14. Bxd4 exd4 15. Qxd4 Be6 16. Nb5 Qg5 17. Nxd6 Rfd8 18. Ne4 Rxd4 19. Nxg5 Rxd1+ 20. Rxd1 hxg5 21. h3 Kf8 22. Bg4 f5 23. Bf3 c6 24. b3 Ke7 25. Kf1 Rc8 26. Ke2 b6 27. c3 Rc7 28. Rd3 c5 29. c4 Kf6 30. Bd5 Bc8 31. Kf3 Re7 32. Re3 Rxe3+ 33. Kxe3 f4+ 34. Kd3 Bf5+ 35. Be4 f3 36. g4 Bd7 37. Ke3 Ke5 38. Bxf3 a5 39. Be4 a4 40. Bc2 a3 41. f3 Bc6 42. Bd3 Bd7 43. Be4 Be8 44. h4 gxh4 45. f4+ Kd6 46. g5 Bh5 47. Kd2 Bg4 48. Ke3 Bd1 49. Bb1 Bg4 50. f5 Ke5 51. f6 gxf6 52. g6 Be6 53. g7 f5 54. Bd3 Kf6 55. Bf1 Kxg7 56. Kf4 Kf6 57. Bh3 Bd7 58. Bf1 Bc6 59. Bh3 Bd7 60. Bf1 Bc6 61. Bh3 Be4 0-1

[Event "GER-chT Betriebe 16th"]
[Site "Dresden"]
[Date "2016.11.05"]
[Round "5.3"]
[White "Kaliski, Achim"]
[Black "Leveikina, Jevgenija"]
[Result "0-1"]
[WhiteElo "1976"]
[BlackElo "2116"]
[PlyCount "156"]
[EventDate "2016.11.03"]
[EventType "team-swiss"]
[EventRounds "7"]
[EventCountry "GER"]
[SourceTitle "EXT 2020"]
[Source "ChessBase"]
[SourceDate "2019.10.17"]
[SourceVersion "1"]
[SourceVersionDate "2019.10.17"]
[SourceQuality "1"]
[WhiteTeam "Hamburg Baubehoerde"]
[BlackTeam "Herne Wanne Eickel EKJ"]
[WhiteTeamCountry "GER"]
[BlackTeamCountry "GER"]

1. e4 e5 2. Nc3 Nc6 3. Bc4 Bc5 4. a3 Nf6 5. d3 d6 6. Na4 Bg4 7. Qd2 Qe7 8. h3 Be6 9. Nxc5 dxc5 10. Bb5 Bd7 11. Bxc6 Bxc6 12. Qc3 Nd7 13. Nf3 f5 14. 0-0 0-0-0 15. Bg5 Qd6 16. Bxd8 Rxd8 17. Nd2 Qe6 18. f3 f4 19. b4 g5 20. Nc4 h5 21. Na5 g4 22. Nxc6 Qxc6 23. hxg4 hxg4 24. Kf2 Qb6 25. Ke2 cxb4 26. axb4 Qe3+ 27. Kd1 gxf3 28. gxf3 Rg8 29. Qd2 Qb6 30. c3 a6 31. Kc2 c5 32. Qf2 Qd6 33. bxc5 Nxc5 34. d4 exd4 35. cxd4 Ne6 36. Rfd1 Kb8 37. Kd3 Qb4 38. Rdc1 Qb3+ 39. Kd2 Qb2+ 40. Ke1 Qb4+ 41. Kf1 Qb5+ 42. Ke1 Qb4+ 43. Kf1 Nxd4 44. Rab1 Nb3 45. Rb2 Qb5+ 46. Ke1 Nxc1 47. Rxb5 Nd3+ 48. Ke2 Nxf2 49. Rh5 Nxe4 50. fxe4 Rg3 51. e5 Re3+ 52. Kd2 Ka7 53. Rf5 a5 54. e6 Kb6 55. Rf6 Re5 56. Kd3 Kc5 57. Rf7 Re3+ 58. Kd2 Rxe6 59. Rxb7 Kd4 60. Rf7 Ke4 61. Ke2 Re5 62. Rf8 Rf5 63. Re8+ Kd4 64. Kf3 Kc3 65. Rb8 a4 66. Rc8+ Kb3 67. Rb8+ Ka2 68. Rb7 Rf8 69. Rb6 a3 70. Rb7 Ka1 71. Rb6 a2 72. Rb7 Rc8 73. Kxf4 Rc2 74. Ke3 Rb2 75. Rd7 Kb1 76. Rd1+ Kc2 77. Rd2+ Kc1 78. Rd7 a1Q 0-1

[Event "GER-chT Betriebe 16th"]
[Site "Dresden"]
[Date "2016.11.04"]
[Round "3.3"]
[White "Kaliski, Achim"]
[Black "Kuhne, Detlev"]
[Result "1/2-1/2"]
[WhiteElo "1976"]
[BlackElo "2131"]
[PlyCount "57"]
[EventDate "2016.11.03"]
[EventType "team-swiss"]
[EventRounds "7"]
[EventCountry "GER"]
[SourceTitle "EXT 2020"]
[Source "ChessBase"]
[SourceDate "2019.10.17"]
[SourceVersion "1"]
[SourceVersionDate "2019.10.17"]
[SourceQuality "1"]
[WhiteTeam "Hamburg Baubehoerde"]
[BlackTeam "Berlin Deutsche Bahn/BSW"]
[WhiteTeamCountry "GER"]
[BlackTeamCountry "GER"]

1. e4 Nf6 2. Nc3 d5 3. exd5 Nxd5 4. Nxd5 Qxd5 5. Qf3 c6 6. Qxd5 cxd5 7. d4 Nc6 8. Bb5 a6 9. Bxc6+ bxc6 10. Nf3 Bf5 11. c3 e6 12. Bf4 Be4 13. Ke2 Bxf3+ 14. Kxf3 Kd7 15. Rhe1 Bd6 16. Re2 Rhc8 17. Rd1 Rab8 18. Rdd2 Bxf4 19. Kxf4 Kd6 20. Ke3 f6 21. f4 Re8 22. Kd3 c5 23. h3 Rbc8 24. Rc2 Re7 25. b4 cxb4 26. cxb4 Rb8 27. a3 Ra7 28. Rc5 Rb6 29. Rec2 1/2-1/2

[Event "GER-chT Betriebe 15th"]
[Site "Munich"]
[Date "2015.10.24"]
[Round "5.2"]
[White "Eisermann, Daniel"]
[Black "Kaliski, Achim"]
[Result "1/2-1/2"]
[WhiteElo "1959"]
[BlackElo "1976"]
[PlyCount "21"]
[EventDate "2015.10.22"]
[EventType "team-swiss"]
[EventRounds "7"]
[EventCountry "GER"]
[SourceTitle "EXT 2020"]
[Source "ChessBase"]
[SourceDate "2019.10.17"]
[SourceVersion "1"]
[SourceVersionDate "2019.10.17"]
[SourceQuality "1"]
[WhiteTeam "Berlin Osram"]
[BlackTeam "Hamburg Baubehoerde"]
[WhiteTeamCountry "GER"]
[BlackTeamCountry "GER"]

1. e4 e5 2. Nf3 Nf6 3. Nc3 Nc6 4. Bb5 Nd4 5. Nxd4 exd4 6. e5 dxc3 7. exf6 Qxf6 8. dxc3 Be7 9. 0-0 0-0 10. Qd4 Qxd4 11. cxd4 1/2-1/2

[Event "GER-chT Betriebe 15th"]
[Site "Munich"]
[Date "2015.10.23"]
[Round "6.2"]
[White "Kaliski, Achim"]
[Black "Wepfer, Bernd"]
[Result "0-1"]
[WhiteElo "1976"]
[BlackElo "1888"]
[PlyCount "108"]
[EventDate "2015.10.22"]
[EventType "team-swiss"]
[EventRounds "7"]
[EventCountry "GER"]
[SourceTitle "EXT 2020"]
[Source "ChessBase"]
[SourceDate "2019.10.17"]
[SourceVersion "1"]
[SourceVersionDate "2019.10.17"]
[SourceQuality "1"]
[WhiteTeam "Hamburg Baubehoerde"]
[BlackTeam "Stuttgart Stern"]
[WhiteTeamCountry "GER"]
[BlackTeamCountry "GER"]

1. e4 c5 2. Nc3 Nc6 3. g3 g6 4. Bg2 Bg7 5. f4 d6 6. Nf3 e6 7. d3 Nge7 8. Be3 0-0 9. 0-0 Rb8 10. Rb1 b5 11. Ne2 e5 12. Nh4 Nd4 13. c3 Nxe2+ 14. Qxe2 f5 15. fxe5 Bxe5 16. Bg5 Bf6 17. Bh6 Bg7 18. Bxg7 Kxg7 19. Rbe1 fxe4 20. Rxf8 Qxf8 21. Qxe4 Ng8 22. d4 Bb7 23. Qe6 Bxg2 24. Qd7+ Kh8 25. Kxg2 cxd4 26. cxd4 Nf6 27. Qh3 Qf7 28. Qe6 Rf8 29. Nf3 Nd5 30. Qxf7 Rxf7 31. Re6 Rf6 32. Re8+ Kg7 33. Ra8 Ne3+ 34. Kf2 Nd1+ 35. Ke2 Nxb2 36. Rxa7+ Rf7 37. Ra5 Re7+ 38. Kf2 Rb7 39. Ng5 h6 40. Ne4 Nc4 41. Ra6 Rf7+ 42. Kg1 Rd7 43. g4 Kf7 44. Kf2 Kg7 45. Kg3 Kf7 46. h4 Kg7 47. g5 hxg5 48. hxg5 Kf7 49. Kf4 Kg7 50. Ra8 Re7 51. Nc3 b4 52. Nd5 Rb7 53. Rc8 Nb6 54. Ke4 Nxc8 0-1

[Event "GER-chT Betriebe 15th"]
[Site "Munich"]
[Date "2015.10.23"]
[Round "3.2"]
[White "Leveikina, Jevgenija"]
[Black "Kaliski, Achim"]
[Result "1/2-1/2"]
[WhiteElo "2137"]
[BlackElo "1976"]
[PlyCount "96"]
[EventDate "2015.10.22"]
[EventType "team-swiss"]
[EventRounds "7"]
[EventCountry "GER"]
[SourceTitle "EXT 2020"]
[Source "ChessBase"]
[SourceDate "2019.10.17"]
[SourceVersion "1"]
[SourceVersionDate "2019.10.17"]
[SourceQuality "1"]
[WhiteTeam "Herne Wanne Eickel EKJ"]
[BlackTeam "Hamburg Baubehoerde"]
[WhiteTeamCountry "GER"]
[BlackTeamCountry "GER"]

1. d4 f5 2. Bg5 g6 3. e3 Bg7 4. Nf3 Nf6 5. Nbd2 b6 6. h4 Bb7 7. Bc4 d5 8. Bb5+ c6 9. Be2 Nbd7 10. c4 e6 11. Rc1 Rc8 12. Ne5 Qc7 13. Bf4 Nxe5 14. Bxe5 Qe7 15. c5 b5 16. Nf3 Ne4 17. Bd3 Bxe5 18. Nxe5 Nf6 19. a4 a6 20. axb5 axb5 21. Ra1 Nd7 22. Nf3 Ra8 23. Rxa8+ Bxa8 24. Qa1 Kf7 25. Qa7 Re8 26. h5 Kg7 27. hxg6 hxg6 28. Kd2 Nf6 29. Qxe7+ Rxe7 30. Ra1 Bb7 31. Ra7 Rc7 32. Ng5 Re7 33. Nxe6+ Rxe6 34. Rxb7+ Kh6 35. Rb6 Nd7 36. Ra6 Nb8 37. Ra7 Kg5 38. f3 Kf6 39. f4 Re7 40. Ra8 Re8 41. Kc3 Rh8 42. Be2 Ke6 43. Bf3 Kd7 44. Ra7+ Kc8 45. Rg7 Rh6 46. Kd3 Nd7 47. g4 Rh2 48. gxf5 Rg2 1/2-1/2

[Event "GER-chT Betriebe 15th"]
[Site "Munich"]
[Date "2015.10.22"]
[Round "1.2"]
[White "Kern, Hans Joachim"]
[Black "Kaliski, Achim"]
[Result "0-1"]
[WhiteElo "1719"]
[BlackElo "1976"]
[PlyCount "107"]
[EventDate "2015.10.22"]
[EventType "team-swiss"]
[EventRounds "7"]
[EventCountry "GER"]
[SourceTitle "EXT 2020"]
[Source "ChessBase"]
[SourceDate "2019.10.17"]
[SourceVersion "1"]
[SourceVersionDate "2019.10.17"]
[SourceQuality "1"]
[WhiteTeam "Heilbronn Kreissparkasse"]
[BlackTeam "Hamburg Baubehoerde"]
[WhiteTeamCountry "GER"]
[BlackTeamCountry "GER"]

1. d4 f5 2. c4 Nf6 3. Nc3 g6 4. g3 Bg7 5. Bg2 d6 6. Nf3 0-0 7. Qb3 c5 8. dxc5 dxc5 9. Be3 Nbd7 10. Rd1 Qb6 11. Na4 Qxb3 12. axb3 Ne4 13. Nd2 Nd6 14. Bd5+ Kh8 15. Rb1 Bd4 16. Bh6 Re8 17. e3 e6 18. Bg2 Bf6 19. h4 Nf7 20. Bg5 Bxg5 21. hxg5 Nxg5 22. Ke2 Kg7 23. Rh4 Rb8 24. Nc3 Nf6 25. f4 Nf7 26. e4 b6 27. e5 Ng8 28. Nf3 h5 29. Ra1 a5 30. Rd1 Rd8 31. Rhh1 Bb7 32. Kf2 Bc6 33. Nd2 Ne7 34. Ndb1 Nh6 35. Bxc6 Ng4+ 36. Ke2 Nxc6 37. Nb5 Kf8 38. Rd2 Ke7 39. Rhd1 Rxd2+ 40. Rxd2 Rd8 41. Rxd8 Kxd8 42. N1c3 Kd7 43. Na4 Nb4 44. Nxb6+ Kc6 45. Na4 Nc2 46. Nac3 Na1 47. Nd1 Nxb3 48. Ne3 Nh2 49. Ng2 Nd4+ 50. Nxd4+ cxd4 51. Kd3 Kc5 52. b3 Nf1 53. Ne1 Nxg3 54. Nf3 0-1

[Event "GER-chT Betriebe 14th"]
[Site "Dresden"]
[Date "2014.11.20"]
[Round "2.3"]
[White "Kaliski, Achim"]
[Black "Rohne, Lars"]
[Result "1/2-1/2"]
[WhiteElo "1976"]
[BlackElo "2152"]
[PlyCount "75"]
[EventDate "2014.11.20"]
[EventType "team-swiss"]
[EventRounds "7"]
[EventCountry "GER"]
[SourceTitle "EXT 2020"]
[Source "ChessBase"]
[SourceDate "2019.10.17"]
[SourceVersion "1"]
[SourceVersionDate "2019.10.17"]
[SourceQuality "1"]
[WhiteTeam "Hamburg Baubehoerde"]
[BlackTeam "Leipzig Publishing Services"]
[WhiteTeamCountry "GER"]
[BlackTeamCountry "GER"]

1. e4 d6 2. d4 Nf6 3. Nc3 c6 4. g3 g6 5. Bg2 Bg7 6. f4 Qb6 7. Nf3 d5 8. e5 Ng4 9. h3 Nh6 10. 0-0 0-0 11. Kh2 f5 12. Na4 Qc7 13. b3 b6 14. Ba3 Rd8 15. Rc1 Bb7 16. c4 dxc4 17. bxc4 Qd7 18. Qe2 c5 19. Nb2 cxd4 20. Rfd1 Nc6 21. Rd2 Qc7 22. Rcd1 Nf7 23. Nxd4 Nxd4 24. Rxd4 Rxd4 25. Rxd4 Bxg2 26. Kxg2 Rd8 27. Qd3 e6 28. Rxd8+ Nxd8 29. Qd6 Qxd6 30. Bxd6 Bf8 31. Bxf8 Kxf8 32. Kf2 Ke8 33. Ke2 Kd7 34. Kd2 Nb7 35. Nd3 Kc6 36. Nb4+ Kd7 37. Nd3 Kc6 38. Nb4+ 1/2-1/2